Music Quiz

Random Music or Rock Quiz

Guitar Hero Songs Quiz Stats

 Plays Quiz Updated Jul 10, 2019

Score 0/30 Timer 07:00
0 Plays Today
Year Song % Correct
1980Ace of Spades
61.2%
1972Smoke on the Water
58%
1970Iron Man
53.2%
1976More Than a Feeling
53.1%
2004Take Me Out
49%
1982I Love Rock and Roll
48.5%
2001Fat Lip
46%
1974Killer Queen
42.7%
1983Bark at the Moon
40.3%
1983Sharp Dressed Man
38.5%
1990Cowboys from Hell
36.2%
1977Godzilla
34.5%
1972Frankenstein
32.8%
1978I Wanna Be Sedated
32.4%
1972Ziggy Stardust
31.4%
Year Song % Correct
2002No One Knows
31%
2002Cochise
28.6%
1968Crossroads
25.9%
1989Higher Ground
24.6%
1983Texas Flood
23.3%
1992Symphony of Destruction
21.6%
1999Stellar
21.3%
1982You Got Another Thing Comin
20.9%
2002Take It Off
19%
1992Thunder Kiss '65
18.5%
1967Spanish Castle Magic
18.5%
1994Infected
15.2%
1992Unsung
13.4%
2004Hey You
12%
2004Heart Full of Black
8.3%

You're not logged in!

Compare scores with friends on all Sporcle quizzes.
OR
Log In

Sporcle TV

Today on Sporcle TV


Watch our educational content, quiz creation guides, and fun videos on Sporcle TV.

Show Comments

Extras

Top Quizzes Today


Score Distribution

Your Account Isn't Verified!

In order to create a playlist on Sporcle, you need to verify the email address you used during registration. Go to your Sporcle Settings to finish the process.

Report this User

Report this user for behavior that violates our Community Guidelines.

Details: